000 01617 a2200205 4500
001 34605
005 20260407155632.0
008 260407a1990 arg spa d
003 AR-UNSa-BCEJYS
040 _aAR-UNSa-BCEJYS
_bspa
_cAR-UNSa-BCEJYS
080 _a658.012
_xMétodos (Management...)
245 1 0 _aLa quinta disciplina
_pcómo impulsar el aprendizaje en la organización inteligente
020 _a84-7577-351-6
264 1 _aBuenos Aires :
_bGranica
_c1990
300 _a490 p.
_c23 cm.
505 _aI. : Nuestros actos crean la realidad y pueden cambiarla: 1. Dadme una palanca y movere el mundo - 2. ¿ Su organización tiene problemas de aprendizaje? - 3.¿ Prisioneros del sistema, o prisioneros de nuestro propio pensamiento? - II.: La quinta disciplina, piedra angular de la organización inteligente: 4. las leyes de la quinta disciplina - 5. Un cambio de enfoque - 6. Configuraciones naturales: patrones que controlan acontecimientos - 7. El pincipio de la palanca - 8. El arte de ver los árboles sin dejar de ver el bosque - III. Las disciplinas centrales: Construyendo la organización inteligente: 9. Dominio personal - 10. Modelos mentales - 11. Visión compartida - 12. Aprendizaje en equipo - IV. Prototipos: 13. Apertura - 14. Localismo - 15. Finalizado la guerra entre el trabajo y la familia - 17. Micromundos: La tecnología de la organización inteligente - 18. La nueva función del lider - V: CODA: 19. ¿Una sexta disciplina? - 20. Reescribiendo el código - 21. La totalidad indivisible.
942 _cBK
590 _aniveau_biblio:m niveau_hierar:0
100 1 _aSenge, Perter M.
999 _c2469
_d2469